000 00522 a2200205 4500
005 20240529141358.0
010 _aB-759247
020 _a9789354712616
_c295.00
035 _aB-759247
037 _bGift
082 _aN
100 _aDeary, Terry
_967045
245 _aHorrible Histories Vicious Vikings/
_cTerry Deary
260 _aLondon
_bScholastic
_c2022
270 _aLondon
_bLondon
300 _a142 p.
_c19 cm(Pb)
700 _967043
942 _adpl
_cCH
_2ddc
_hN
_mDEA
999 _c203363
_d203363